01177nam a2200289 a 450000100100000000500170001000800410002702000150006804000250008308200200010810000350012824500870016326000360025030000170028649000270030350000400033059000260037065000410039665000420043765000230047970000530050283000360055591000370059195201180062895201240074699900170087000002220120260522101321.0100920d1998 dr 001 0 spa d a8484002772 aDO-SdBNPbspacBNPHU a616.8914bA473c1 aÁlvarez Díaz, Nancy94593210aConsulta con Nancy /cNancy Álvarez Díaz ; prólogo Huberto Bogaert García. aSanto Domingo :bTaller,c1998. av. ;c21 cm.1 aBiblioteca tallerv319 aLa biblioteca posee el volúmen 1. aInventariado, 2018/LP 4aPsicología clínicaxCasos945933 0aComunicación en psicología945934 4aConsejería982541 aBogaert García, Huberto,d1953-epról.91809 0aBiblioteca taller ;n319945935 aValidado. Control de calidad EMS 0010718PDaPDbPDcHDd2010-09-20iLF1l0o616.8914 A473cp22201-10r2020-06-25w2020-06-25yLFPDZNo se presta 0010718PDaPDbPDcHDd2014-02-11iLF1l0o616.8914 A473cp22201-20r2020-06-25te. 2w2020-06-25yLFPDZNo se presta c21699d21699